Obras completas / (Registro nro. 13064)

Detalles MARC
000 -CABECERA
campo de control de longitud fija 00864cam a22003132u 4500
001 - NÚMERO DE CONTROL
campo de control BUGAP-024467
003 - IDENTIFICADOR DEL NÚMERO DE CONTROL
campo de control AR-TrUNPB
007 - CAMPO FIJO DE DESCRIPCIÓN FÍSICA--INFORMACIÓN GENERAL
campo de control de longitud fija ta
008 - DATOS DE LONGITUD FIJA--INFORMACIÓN GENERAL
campo de control de longitud fija 150818s1980 ag r 000 0 spa d
040 ## - FUENTE DE LA CATALOGACIÓN
Centro catalogador/agencia de origen AR-TrUNPB
082 0# - NÚMERO DE LA CLASIFICACIÓN DECIMAL DEWEY
Número de clasificación A868
Número de edición 20
100 1# - ENTRADA PRINCIPAL--NOMBRE DE PERSONA
Nombre de persona Denevi, Marco,
Fechas asociadas al nombre 1922-1998
9 (RLIN) 8474
245 10 - MENCIÓN DE TÍTULO
Título Obras completas /
Mención de responsabilidad, etc. Marco Denevi
260 ## - PUBLICACIÓN, DISTRIBUCIÓN, ETC. (PIE DE IMPRENTA)
Lugar de publicación, distribución, etc. Buenos Aires :
Nombre del editor, distribuidor, etc. Corregidor,
Fecha de publicación, distribución, etc. 1980
300 ## - DESCRIPCIÓN FÍSICA
Extensión _ v
490 0# - MENCIÓN DE SERIE
Mención de serie Obeas completas ;
Designación de volumen o secuencia 1294
590 ## - NOTA LOCAL (RLIN)
Nota local Registros migrados a formato MARC
650 #4 - PUNTO DE ACCESO ADICIONAL DE MATERIA--TÉRMINO DE MATERIA
9 (RLIN) 3
Término de materia o nombre geográfico como elemento inicial LITERATURA ARGENTINA
650 #4 - PUNTO DE ACCESO ADICIONAL DE MATERIA--TÉRMINO DE MATERIA
Término de materia o nombre geográfico como elemento inicial NOVELAS DE SUSPENSO
9 (RLIN) 90
650 #4 - PUNTO DE ACCESO ADICIONAL DE MATERIA--TÉRMINO DE MATERIA
Término de materia o nombre geográfico como elemento inicial NOVELAS POLICIALES
9 (RLIN) 74
650 #7 - PUNTO DE ACCESO ADICIONAL DE MATERIA--TÉRMINO DE MATERIA
Término de materia o nombre geográfico como elemento inicial ARGENTINA
Fuente del encabezamiento o término
9 (RLIN) 1506
650 #7 - PUNTO DE ACCESO ADICIONAL DE MATERIA--TÉRMINO DE MATERIA
Término de materia o nombre geográfico como elemento inicial LITERATURA
Fuente del encabezamiento o término
9 (RLIN) 4285
650 #7 - PUNTO DE ACCESO ADICIONAL DE MATERIA--TÉRMINO DE MATERIA
Término de materia o nombre geográfico como elemento inicial NOVELAS
Fuente del encabezamiento o término Unescot
9 (RLIN) 4705
740 02 - PUNTO DE ACCESO ADICIONAL--TÍTULO RELACIONADO O ANALÍTICO NO CONTROLADO
Título relacionado o analítico no controlado Rosaura a las diez
740 02 - PUNTO DE ACCESO ADICIONAL--TÍTULO RELACIONADO O ANALÍTICO NO CONTROLADO
Título relacionado o analítico no controlado Ceremonia secreta
740 02 - PUNTO DE ACCESO ADICIONAL--TÍTULO RELACIONADO O ANALÍTICO NO CONTROLADO
Título relacionado o analítico no controlado Un pequeño café
942 ## - ELEMENTOS DE PUNTO DE ACCESO ADICIONAL (KOHA)
Tipo de ítem Koha Libros
910 ## - Autoría del registro
Catalogador/fecha AB130904
Indizador/fecha AB130827
Existencias
Estado de retiro Estado de pérdida Estado dañado No para préstamo Localización permanente Ubicación/localización actual Fecha de adquisición Total de préstamos Signatura topográfica completa Código de barras Fecha visto por última vez Precio válido a partir de Tipo de ítem Koha
En estantería Presente   Para el préstamo Trelew: Biblioteca Universitaria "Gabriel A. Puentes". Trelew: Biblioteca Universitaria "Gabriel A. Puentes". 30/09/2015   A868/D 392 T29388v1 30/09/2015 30/09/2015 Libros

Con tecnología Koha